| 000 | 00411 a2200145 4500 | ||
|---|---|---|---|
| 040 | _aDLC | ||
| 082 | _a658.4013 | ||
| 100 | _a Moosa Kamran. | ||
| 245 |
_a Quality management practices _cKamran, Moosa |
||
| 260 |
_aLahore: _bIbrahim Publisher, _c 2000. |
||
| 300 |
_a226 p. : _bill. ; _c24 cm. |
||
| 500 | _aIncludes bibliographical references and index | ||
| 650 | _aManagement. | ||
| 942 |
_cBK _k658.4013 MOO _2ddc |
||
| 999 |
_c8803 _d8803 |
||